| Tag |
First Indicator |
Second Indicator |
Subfields |
| LEADER |
00000cam a2200000 a 4500 |
| 001 |
in00000516521 |
| 005 |
20160106094420.0 |
| 008 |
720315r19721839ilu b 00010 engm |
| 010 |
|
|
|a 71174160
|
| 035 |
|
|
|a (OCoLC)00278259
|
| 035 |
|
|
|9 ACF7671AM
|
| 040 |
|
|
|a DLC
|c DLC
|d m.c.
|d TXA
|d UtOrBLW
|
| 043 |
|
|
|a n-us---
|
| 049 |
|
|
|a TXAM
|c [1813168]
|
| 050 |
0 |
0 |
|a E449
|b .W442 1972
|
| 082 |
0 |
|
|a 301.44/93
|
| 100 |
1 |
|
|a Weld, Theodore Dwight,
|d 1803-1895.
|
| 240 |
1 |
0 |
|a American slavery as it is
|
| 245 |
1 |
0 |
|a Slavery in America :
|b Theodore Weld's American slavery as it is /
|c [Abridged by] Richard O. Curry [and] Joanna Dunlap Cowden.
|
| 264 |
|
1 |
|a Itasca, Ill. :
|b F. E. Peacock,
|c [1972]
|
| 264 |
|
4 |
|c ©1972
|
| 300 |
|
|
|a xxv, 248 pages ;
|c 21 cm.
|
| 336 |
|
|
|a text
|b txt
|2 rdacontent
|
| 337 |
|
|
|a unmediated
|b n
|2 rdamedia
|
| 338 |
|
|
|a volume
|b nc
|2 rdacarrier
|
| 490 |
1 |
|
|a Primary sources in American history
|
| 500 |
|
|
|a 1839 edition published under title: American slavery as it is.
|
| 504 |
|
|
|a Includes bibliographical references.
|
| 650 |
|
0 |
|a Slavery
|z United States
|x Condition of slaves.
|
| 700 |
1 |
|
|a Curry, Richard Orr.
|
| 700 |
1 |
|
|a Cowden, Joanna Dunlap.
|
| 830 |
|
0 |
|a Primary sources in American history (New York, N.Y.)
|
| 999 |
|
|
|a MARS
|
| 999 |
f |
f |
|s 25597275-5de0-34ff-86c1-88fec34d3fb7
|i 488d06b7-8725-34dc-83f5-cf3dd177cbb0
|t 0
|
| 952 |
f |
f |
|p ric
|a Texas A&M University
|b Rellis Campus
|c Joint Library Facility
|d Remote Storage
|t 0
|e E449 .W442 1972
|h Library of Congress classification
|i unmediated -- volume
|m A14808042859
|
| 998 |
f |
f |
|a E449 .W442 1972
|t 0
|l Remote Storage
|